000 02296cas a2200457 4500
001 10545037
003 AUA.1
005 20130528123852.0
007 t|
008 850720c19639999miufr p 0 a0eng c
010 _a 74645601
_zsc 76000812
022 _a0003-2980
_21
035 _a(OCoLC)ocm01780045
037 _b49104
040 _aMnMULS
_cMnMULS
_dMBTI
_dNSDP
_dDLC
_dOCoLC
_dAIP
_dNSDP
_dAIP
_dOCoLC
_dDLC
_dTNJ
_dOCoLC
042 _ansdp
_apcc
050 0 0 _aBR1
_b.A53a
110 2 _aAndrews University.
_bSeventh-Day Adventist Theological Seminary.
_936651
210 0 _aAndrews Univ. Semin. stud.
222 0 _aAndrews University Seminary studies
245 1 0 _aAndrews University Seminary studies.
260 _aBerrien Springs, Mich.,
_bAndrews University Press.
_cSpring 2009
300 _bill.
_c23 cm.
_av.:
310 _a2 issues yearly,
_b<spring 1995- >
321 _aFrequency varies,
_b1963-
362 0 _aSpring 2009
440 _aAndrews University Seminary studies.
_vVol.47, No.1
_936652
500 _a"Journal of the Seventh-Day Adventist Theological Seminary."
500 _aContents: Three upgrades; Investigating the presuppositional realm of biblical-theological methodology, Part I:Dooyeweerd on reason; The eye of charity; Response to review articles of Flame of Yahweh; Methodism and the origins of biblical archeology: the William Foxwell Albright story; Acts 19:1-7 reconsidered in light of Paul's theology of baptism; Creeds and statements of belief in early adventist thought; the reigh of terror;
590 _aAnnual, 1963-64; 2 no. a year, 1965-. "Journal of the Seventh-day Adventist Theological Seminary."
650 0 _aTheology
_vPeriodicals.
_936653
650 0 _aTheological seminaries
_xPeriodicals.
_936654
700 _aJerry Moon and John W. Reeve
_eEdirtors
_936655
906 _a7
_bcbc
_cserials
_du
_encip
_f19
_gn-oclcserc
936 _aSpring 1995 (surrogate) LIC
942 _2lcc
_cPER
_hBR1
_i.A53a 2009
999 _c10235
_d10235